[Event "9th Open"]
[Site "Dubai UAE"]
[Date "2007.04.27"]
[Round "6"]
[White "Al Sayed,Mohamad"]
[Black "Kamble,V"]
[Result "1/2-1/2"]
[WhiteElo "2465"]
[BlackElo "2339"]

1.e4 e6 2.d4 d5 3.Nc3 Bb4 4.e5 Qd7 5.a3 Bf8 6.f4 b6 7.Bb5 c6 8.Ba4 Ba6 9.Nce2 Bb5
10.Bxb5 cxb5 11.Nf3 h5 12.f5 exf5 13.O-O Nc6 14.Qd3 Nge7 15.Ng5 Nd8 16.Nf4 Ne6
17.Ngxe6 fxe6 18.h4 g6 19.b3 Bh6 20.a4 b4 21.a5 Kf7 22.Bd2 Bxf4 23.Rxf4 bxa5
24.Rxa5 Nc6 25.Ra6 Rab8 26.Rf1 Rhc8 27.Rfa1 Rb7 28.R1a2 Qe8 29.Kh1 Rcb8 30.Qe3 Rb6
31.g3 R8b7 32.Kg2 Qd8 33.Kh3 Qc8 34.Qg5 Rxa6 35.Rxa6 Kg8 36.Be3 Rg7 37.Ra2 Qb7
38.Ra1 Qe7 39.Qh6 Qe8 40.Qg5 Qe7 41.Qh6 Qe8 42.Qg5  1/2-1/2

[Event "TCh-RUS HL"]
[Site "Sochi RUS"]
[Date "2007.05.11"]
[Round "9"]
[White "Bachin,V"]
[Black "Kuligin,E"]
[Result "1-0"]
[WhiteElo "2489"]
[BlackElo "2325"]

1.e4 e6 2.d4 d5 3.Nc3 Bb4 4.e5 b6 5.Qg4 Bf8 6.Bg5 Qd7 7.f4 Ba6 8.Nge2 Nc6
9.Qf3 f6 10.exf6 gxf6 11.Bh4 O-O-O 12.O-O-O Nce7 13.g4 h5 14.gxh5 Nf5 15.Bf2 Nd6
16.f5 Nxf5 17.Bh3 Nd6 18.Kb1 f5 19.Nf4 Nf6 20.Bh4 Be7 21.Rhe1 Nde4 22.Nxe6 Nxc3+
23.bxc3 Bc4 24.Nc5 Qb5+ 25.Nb3 Rhe8 26.Rxe7 Rxe7 27.Bxf6 Be2 28.Qxf5+ Red7
29.Bxd8 Bxd1 30.Qxd7+ Qxd7 31.Bxd7+  1-0

[Event "Mitropa Cup Men"]
[Site "Szeged HUN"]
[Date "2007.05.12"]
[Round "5"]
[White "Bosiocic,Mari"]
[Black "Sebenik,M"]
[Result "1-0"]
[WhiteElo "2484"]
[BlackElo "2483"]

1.e4 e6 2.d4 d5 3.Nc3 Bb4 4.e5 Ne7 5.a3 Bxc3+ 6.bxc3 b6 7.Qg4 Kf8 8.h4 Ba6
9.h5 h6 10.Bxa6 Nxa6 11.Nf3 c5 12.O-O Rc8 13.Nh4 cxd4 14.cxd4 Rc4 15.Be3 Qc8
16.Qf3 Ke8 17.c3 Rxc3 18.Rac1 Nb8 19.Qg4 Rg8 20.Ng6 fxg6 21.Rxc3 Qxc3 22.Rc1 Qxa3
23.Qxe6 Kd8 24.Rc8+ Nxc8 25.Qxg8+ Kc7 26.Qxg7+ Qe7 27.Qxg6 Nc6 28.Qxh6 a5
29.Qg6 a4 30.h6 a3 31.Qc2 Kb7 32.Qa2 Qb4 33.Kh2 Qb2 34.Qxd5 a2 35.h7 a1=Q
36.h8=Q Na7 37.e6 Qbb1 38.Qg7+ Ka6 39.e7 Qh1+ 40.Kg3 Qag1 41.Qa2+ Na5 42.Qe2+ Nb5
43.Qh6  1-0

[Event "25th Liechtenstein Open"]
[Site "Triesen LIE"]
[Date "2007.05.13"]
[Round "3"]
[White "Szabo,Kr1"]
[Black "Nguyen,C"]
[Result "1-0"]
[WhiteElo "2438"]
[BlackElo "1769"]

1.e4 e6 2.d4 d5 3.Nc3 Bb4 4.e5 Ne7 5.a3 Bxc3+ 6.bxc3 c5 7.Qg4 O-O 8.Bd3 Nbc6
9.Qh5 Ng6 10.Nf3 Qc7 11.Be3 Nce7 12.h4 Nf5 13.Bd2 c4 14.Bxf5 exf5 15.Ng5 h6
16.Nh3 Qa5 17.O-O f4 18.Kh2 Be6 19.a4 Qd8 20.Nxf4 Qxh4+ 21.Qxh4 Nxh4 22.f3 Ng6
23.Nh5 Rfb8 24.g4 a5 25.Kg3 Ne7 26.f4 g6 27.Nf6+ Kg7 28.Rh1 Ng8 29.Nxg8 Rxg8
30.f5 gxf5 31.gxf5 Bxf5 32.Bxh6+ Kg6 33.Kf4 Be4 34.Rag1+ Kh7 35.Bf8+  1-0

[Event "ch-UZB"]
[Site "Tashkent UZB"]
[Date "2007.05.15"]
[Round "5"]
[White "Gareev,T"]
[Black "Barsov,A"]
[Result "1/2-1/2"]
[WhiteElo "2551"]
[BlackElo "2521"]

1.e4 e6 2.d4 d5 3.Nc3 Bb4 4.e5 Ne7 5.a3 Bxc3+ 6.bxc3 c5 7.Qg4 Qc7 8.Bd3 c4
9.Be2 O-O 10.h4 f6 11.f4 Nbc6 12.h5 Qa5 13.Bd2 Qb6 14.a4 Nf5 15.Nf3 Bd7 16.O-O Be8
17.Rab1 Qa6 18.Qh3 Qxa4 19.g4 Nfe7 20.Rxb7 Qxc2 21.Rc1 Qa2 22.Qf1 Qa5 23.Re1 Qd8
24.Qh3 Rb8 25.Reb1 Rxb7 26.Rxb7 Na5 27.Rxa7 Nec6 28.Ra6 Qc8 29.Rb6 Nb3 30.Be3 Qa8
31.h6 Qa7 32.hxg7 Rf7 33.exf6 Rxf6 34.Qh4 Kxg7 35.Rxc6 Bxc6 36.Qg5+ Rg6 37.Qe5+ Kg8
38.Nh4 Rh6 39.Qg5+ Qg7 40.Qd8+ Qf8 41.Qg5+ Qg7 42.f5 Qxg5 43.Bxg5 Rxh4 44.Bxh4 exf5
45.gxf5 Nd2 46.f6  1/2-1/2

[Event "25th Liechtenstein Open"]
[Site "Triesen LIE"]
[Date "2007.05.15"]
[Round "5"]
[White "Wittwer,Ma"]
[Black "Schmidt,Rai"]
[Result "0-1"]
[WhiteElo "1981"]
[BlackElo "2183"]

1.e4 e6 2.d4 d5 3.Nc3 Bb4 4.e5 Ne7 5.a3 Bxc3+ 6.bxc3 c5 7.Qg4 Qc7 8.Qxg7 Rg8
9.Qxh7 cxd4 10.Ne2 Nbc6 11.f4 dxc3 12.Qd3 Bd7 13.Rb1 Nf5 14.Rg1 O-O-O 15.g4 Nh4
16.Qg3 Rh8 17.Nxc3 Nd4 18.Be2 Nhf3+  0-1

[Event "25th Liechtenstein Open"]
[Site "Triesen LIE"]
[Date "2007.05.15"]
[Round "5"]
[White "Frick,R"]
[Black "Mader,Je"]
[Result "1-0"]
[WhiteElo "2146"]
[BlackElo "2007"]

1.e4 e6 2.d4 d5 3.Nc3 Bb4 4.e5 Ne7 5.a3 Bxc3+ 6.bxc3 c5 7.Qg4 Ng6 8.h4 Qc7
9.h5 cxd4 10.hxg6 Qxc3+ 11.Kd1 fxg6 12.Rb1 Nc6 13.Nf3 O-O 14.Bd3 Rxf3 15.Qxf3 Nxe5
16.Qh3 Nxd3 17.Qxd3 b6 18.Bb2 Qxd3+ 19.cxd3 Ba6 20.Kd2 Rf8 21.f3 e5 22.Rbc1 e4
23.Bxd4 exf3 24.Rc7 Rf4 25.Rxg7+ Kf8 26.Rxa7 Rxd4 27.Rxa6 fxg2 28.Rxh7 Kg8
29.Rc7 Rf4 30.Ra8+ Rf8 31.Rxf8+  1-0

[Event "ch-USA"]
[Site "Stillwater USA"]
[Date "2007.05.17"]
[Round "3"]
[White "Pruess,D"]
[Black "Gulko,B"]
[Result "0-1"]
[WhiteElo "2408"]
[BlackElo "2576"]

1.e4 e6 2.d4 d5 3.Nc3 Bb4 4.e5 b6 5.a3 Bf8 6.Nf3 Ne7 7.Bd3 Ba6 8.Nb5 Qd7
9.Qe2 Bb7 10.a4 Nbc6 11.c3 Na5 12.Bc2 Nec6 13.O-O O-O-O 14.Nd2 a6 15.Na3 Bxa3
16.Rxa3 f6 17.f4 f5 18.Bd3 Nb8 19.b4 Nac6 20.b5 Na7 21.bxa6 Bc6 22.Bb5 h6
23.Nf3 Qe8 24.Be3 Rg8 25.Rb3 g6 26.Rfb1 Rg7 27.Bc1 Bd7 28.Qa2 Bc6 29.Qf2 Rh7
30.Qh4 Qe7 31.Qg3 Qe8 32.Ba3 Rdd7 33.Qh4 Rdf7 34.Bc1 Qd8 35.Qe1 Rhg7 36.Be3 g5
37.Qc1 g4 38.Nd2 h5 39.c4 dxc4 40.Nxc4 g3 41.Bxc6 gxh2+ 42.Kh1 Nbxc6 43.Rxb6 cxb6
44.d5 exd5 45.Nd6+ Kd7 46.Rxb6 Re7 47.Qd1 Qg8 48.Qxh5 Qh7 49.Qd1 Ke6 50.Nb7 Rxb7
51.axb7 Rxb7 52.a5 Rxb6 53.axb6 Nc8 54.Bc5 Qb7 55.Qh5 d4 56.Qg6+ Kd5 57.Bf8 N8e7
58.Qd6+ Kc4 59.e6 d3 60.Kxh2 Qb8 61.Qa3 Qxf8 62.Qa2+ Kc3 63.Qa3+ Kd2 64.Kg1 Qf6
65.Qa2+ Ke3 66.b7 Qd4 67.b8=Q Nxb8 68.Kf1 Qxf4+ 69.Ke1 Qh4+ 70.g3 Qh1+  0-1

[Event "25th Liechtenstein Open"]
[Site "Triesen LIE"]
[Date "2007.05.17"]
[Round "7"]
[White "Van der Weide,K"]
[Black "Schmidt,Rai"]
[Result "1-0"]
[WhiteElo "2502"]
[BlackElo "2183"]

1.e4 e6 2.d4 d5 3.Nc3 Bb4 4.e5 Ne7 5.a3 Bxc3+ 6.bxc3 c5 7.Nf3 Nbc6 8.Be2 Qa5
9.Bd2 Bd7 10.O-O f6 11.c4 Qc7 12.cxd5 Nxd5 13.c4 Nde7 14.exf6 gxf6 15.Bc3 cxd4
16.Nxd4 Nxd4 17.Qxd4 e5 18.Qe3 O-O 19.f4 Ng6 20.fxe5 fxe5 21.Bd3 Rae8 22.h4 Bc6
23.Rxf8+ Nxf8 24.Rf1 Qg7 25.Be4 Bxe4 26.Qxe4 Ng6 27.h5 Nf8 28.Qd5+ Kh8 29.h6 Qe7
30.Bxe5+  1-0

[Event "25th Liechtenstein Open"]
[Site "Triesen LIE"]
[Date "2007.05.18"]
[Round "8"]
[White "Starostits,I"]
[Black "Nguyen Chi Minh"]
[Result "1/2-1/2"]
[WhiteElo "2507"]
[BlackElo "2345"]

1.e4 e6 2.d4 d5 3.Nc3 Bb4 4.e5 Ne7 5.a3 Bxc3+ 6.bxc3 c5 7.Qg4 O-O 8.Nf3 Nbc6
9.Bd3 f5 10.exf6 Rxf6 11.Bg5 e5 12.Bxh7+ Kxh7 13.Qh5+ Kg8 14.Bxf6 gxf6 15.dxe5 Qf8
16.exf6 Qxf6 17.Qg5+ Kf7 18.Qh5+ Kg7 19.Qg5+ Kf7 20.Qh5+ Kg7 21.Qg5+  1/2-1/2

[Event "ch-UZB"]
[Site "Tashkent UZB"]
[Date "2007.05.19"]
[Round "9"]
[White "Kvon,A"]
[Black "Kasyan,A"]
[Result "1-0"]
[WhiteElo "2360"]
[BlackElo "2267"]

1.e4 e6 2.d4 d5 3.Nc3 Bb4 4.e5 Ne7 5.a3 Bxc3+ 6.bxc3 b6 7.Qg4 Ng6 8.h4 h5
9.Qd1 Ba6 10.Bxa6 Nxa6 11.Bg5 f6 12.Qd3 Kf7 13.Nh3 Nb8 14.O-O Qe8 15.exf6 gxf6
16.Rae1 Nd7 17.f4 f5 18.Bd8 Qxd8 19.Ng5+ Kf6 20.Rxe6+ Kg7 21.Qxf5 Nf6 22.Rc6 Nf8
23.Rf3 Rh6 24.Rg3 Qe8 25.Ne4+ Ng4 26.Rxh6  1-0

[Event "3rd UKR Games Men"]
[Site "Evpatoria UKR"]
[Date "2007.05.23"]
[Round "5"]
[White "Zherebukh,Y"]
[Black "Galakhov,V"]
[Result "1-0"]
[WhiteElo "2365"]
[BlackElo "2377"]

1.e4 e6 2.d4 d5 3.Nc3 Bb4 4.e5 b6 5.Bb5+ c6 6.Ba4 a5 7.a3 Bf8 8.Nf3 Ba6 9.Ne2 Ne7
10.O-O Nf5 11.Re1 Be7 12.c3 h5 13.Bc2 g6 14.g3 c5 15.h4 Nc6 16.Nf4 Ng7 17.Nh3 Qc7
18.Nhg5 Bf8 19.dxc5 bxc5 20.Bf4 c4 21.b4 cxb3 22.Bxb3 Rd8 23.Ba4 Nf5 24.Nd4 Nxd4
25.cxd4 Be7 26.Rc1 Bc4 27.Qf3 Rc8 28.Rxc4 dxc4 29.d5 O-O 30.Bxc6  1-0

[Event "Capo d'Orso"]
[Site "Porto Mannu PAL"]
[Date "2007.05.23"]
[Round "5"]
[White "Simone,M"]
[Black "Matamoros Franco,C"]
[Result "0-1"]
[WhiteElo "1885"]
[BlackElo "2523"]

1.e4 e6 2.d4 d5 3.Nc3 Bb4 4.e5 Ne7 5.Qg4 c5 6.a3 Bxc3+ 7.bxc3 Qc7 8.Bd3 c4
9.Be2 Nf5 10.Nf3 Bd7 11.O-O Ba4 12.Ne1 Nc6 13.Qf4 Qa5 14.Bd2 O-O 15.g4 Nfe7
16.g5 Nf5 17.Bg4 Nce7 18.Ra2 Ng6 19.Qf3 Nxd4 20.cxd4 Qxd2 21.Qe3 c3 22.Nf3 Qxe3
23.fxe3 Bb5 24.Rb1 Bc4 25.Raa1 b5 26.h4 a5 27.h5 Ne7 28.Ne1 Kh8 29.Ng2 f5
30.exf6 gxf6 31.Nf4 e5 32.Ne6 Rg8 33.dxe5 fxe5 34.Kh2 d4 35.exd4 exd4 36.Nxd4 Rxg5
37.Kh3 Rag8 38.Rg1 Bf7 39.Nf3 Rxg4 40.Rxg4 Be6 41.Rg1 Nd5 42.Nd4 Bxg4+ 43.Rxg4 Rxg4
44.Kxg4 b4 45.axb4 Nxb4 46.Kf3 a4 47.Nb5 Nxc2 48.Nxc3 a3 49.Na2 Kg7 50.Ke2 Kh6
51.Kd3 Na1 52.Kd2 Kxh5 53.Kc1 Kg4 54.Kb1 h5 55.Nc3 Kf3 56.Nb5 h4 57.Nd4+ Kf2  0-1

[Event "3rd UKR Games Women"]
[Site "Evpatoria UKR"]
[Date "2007.05.25"]
[Round "7"]
[White "Doluhanova,E"]
[Black "Kononenko,T"]
[Result "1/2-1/2"]
[WhiteElo "2172"]
[BlackElo "2382"]

1.e4 e6 2.d4 d5 3.Nc3 Bb4 4.e5 Ne7 5.Nf3 b6 6.Bd2 Bxc3 7.Bxc3 Ba6 8.Bxa6 Nxa6
9.Qe2 Nb8 10.h4 c5 11.h5 h6 12.Bd2 Nbc6 13.c3 Qc7 14.Rc1 Rc8 15.O-O O-O 16.b4 Qd7
17.Qd3 Rc7 18.Nh4 f5 19.exf6 Rxf6 20.Qg3 Rc8 21.b5 Na5 22.Bf4 Nc4 23.a4 Rcf8
24.Be5 Nxe5 25.dxe5 Rf4 26.Ra1 Qe8 27.Qh3 Qf7 28.f3 Kh7 29.g3 Rc4 30.a5 Qxh5
31.Qxe6 Ng6 32.Qxg6+ Qxg6 33.Nxg6 Kxg6 34.axb6 axb6 35.Ra6 Re8 36.f4 Rxc3
37.f5+ Kg5 38.f6 gxf6 39.exf6 Rxg3+ 40.Kh2 Rg4 41.f7 Rh4+ 42.Kg3 Rg4+ 43.Kh3 Rh4+
44.Kg3 Rg4+ 45.Kh3 Rh4+ 46.Kg3  1/2-1/2

[Event "3rd UKR Games Men"]
[Site "Evpatoria UKR"]
[Date "2007.05.25"]
[Round "7"]
[White "Tukhaev,A"]
[Black "Borsuk,K"]
[Result "1/2-1/2"]
[WhiteElo "2466"]
[BlackElo "2263"]

1.e4 e6 2.d4 d5 3.Nc3 Bb4 4.e5 Ne7 5.a3 Bxc3+ 6.bxc3 c5 7.Qg4 O-O 8.Bd3 Nbc6
9.Nf3 f5 10.exf6 Rxf6 11.Qh5 h6 12.O-O c4 13.Be2 Qa5 14.Bd2 Bd7 15.Ne5 Be8
16.Qg4 Bg6 17.Nxg6 Nxg6 18.Rab1 b6 19.Rbe1 Qxa3 20.Qh3 Qd6 21.f4 Raf8 22.g3 Nge7
23.Bg4 Nf5 24.Bf3 Nfe7 25.Ra1 a5 26.Rfb1 Rb8 27.Rb5 Qd7 28.Rb2 b5 29.Rab1 Qa7
30.Kh1 b4 31.Qf1 Nf5 32.Qe1 a4 33.cxb4 Ncxd4 34.Bg2 Nb5 35.c3 d4 36.Qe5 Nfd6
37.Ra2 Rf5 38.Qxe6+ Kh8 39.Qe1 Re8 40.Qc1 d3 41.Qg1 Qa6 42.Rba1 a3 43.Bc1 Rf7
44.Be3 Rfe7 45.Bd4 Nxd4 46.Rxa3 Qxa3 47.Rxa3 Nc2 48.Ra6 Nf5 49.g4 Re1 50.gxf5 d2
51.Bf3 Rxg1+ 52.Kxg1 Re1+ 53.Kf2 d1=Q 54.Bxd1 Rxd1 55.f6 Rd2+ 56.Kf3 gxf6
57.Rxf6 Kg7 58.Rc6 Rd3+ 59.Ke4 Rxc3 60.Rc7+ Kf6 61.Rc6+ Ke7 62.Rxh6 Nxb4
63.Kd4 Rc2 64.h4 Kd7 65.h5 Rc1 66.Rb6 Na2  1/2-1/2

[Event "Okie Masters"]
[Site "Tulsa USA"]
[Date "2007.05.27"]
[Round "5"]
[White "Luther,R"]
[Black "Movsisyan,M"]
[Result "0-1"]
[WhiteElo "2175"]
[BlackElo "2280"]

1.e4 e6 2.d4 d5 3.Nc3 Bb4 4.e5 Qd7 5.Bd2 b6 6.Nce2 Bxd2+ 7.Qxd2 Ba6 8.h4 c5
9.c3 Nc6 10.h5 f6 11.f4 Nh6 12.Nf3 Nf5 13.Rh3 cxd4 14.cxd4 Qe7 15.g4 Nh6
16.Rg3 Qb4 17.Qxb4 Nxb4 18.Kd2 Bxe2 19.Bxe2 Rc8 20.a3 Nc6 21.b4 O-O 22.Ba6 Rc7
23.Rc1 Rff7 24.exf6 gxf6 25.Rgg1 Nb8 26.Bc8 Rxc1 27.Rxc1 Re7 28.g5 Ng4 29.Re1 Kf7
30.g6+ hxg6 31.hxg6+ Kxg6 32.Bxe6 Nf2 33.f5+ Kh5 34.Ke3 Nh3 35.Rc1 Na6 36.Rc8 Nc7
37.Rh8+ Kg4 38.Ne5+ fxe5 39.f6+ Rxe6 40.f7 exd4+ 41.Kd2 Rf6 42.f8=Q Rxf8
43.Rxf8 Nf4 44.Rf7 Nb5 45.a4 Na3 46.Rxa7 Nc4+ 47.Kd1 d3 48.a5 bxa5 49.bxa5 Ne2
50.Rg7+ Kf5 51.Rf7+ Ke4 52.Re7+ Kd4  0-1

[Event "TCh-BIH"]
[Site "Vogosca BIH"]
[Date "2007.06.02"]
[Round "1"]
[White "Zivkovic,Vj"]
[Black "Gavric,M"]
[Result "1/2-1/2"]
[WhiteElo "2429"]
[BlackElo "2391"]

1.e4 e6 2.d4 d5 3.Nc3 Bb4 4.e5 Ne7 5.a3 Bxc3+ 6.bxc3 c5 7.Qg4 Qc7 8.Qxg7 Rg8
9.Qxh7 cxd4 10.Ne2 Nbc6 11.f4 dxc3 12.Qd3 d4 13.Nxd4 Nxd4 14.Qxd4 Bd7 15.Rg1 Nf5
16.Qf2 Qc6 17.Bd3 Qd5 18.Rb1 Bc6 19.Rb3 Rh8 20.h3 Rg8 21.Rxc3 O-O-O 22.Rc5 Qa2
23.Rxc6+ bxc6 24.Qxa7 Rxd3 25.Qa8+ Kc7 26.Qa7+ Kc8  1/2-1/2

[Event "29th Mem Nezhmetdinov"]
[Site "Kazan RUS"]
[Date "2007.06.03"]
[Round "3"]
[White "Amonatov,F"]
[Black "Mihajlovskij,S"]
[Result "1-0"]
[WhiteElo "2574"]
[BlackElo "2492"]

1.e4 e6 2.d4 d5 3.Nc3 Bb4 4.e5 Qd7 5.Ne2 b6 6.Nf4 g6 7.h4 h5 8.a3 Be7 9.Bd3 Ba6
10.Bxa6 Nxa6 11.Qd3 Qc8 12.Nxg6 fxg6 13.Qxg6+ Kd7 14.Qg7 Qe8 15.Bg5 Nh6 16.Bxh6 Rg8
17.Qh7 Rh8 18.Qd3 Rxh6 19.Qb5+ c6 20.Qxa6 Kc7 21.O-O-O Rg6 22.g3 Rg4 23.Rhe1 Qc8
24.Qd3 Qg8 25.Ne2 Rf8 26.f3 Rg7 27.Kb1 b5 28.Rf1 Rf5 29.f4 Kb6 30.Rf3 a5
31.a4 Qc8 32.Nc3 Qa6 33.axb5  1-0

[Event "ch-URU"]
[Site "Montevideo URU"]
[Date "2007.06.03"]
[Round "4"]
[White "Etcheverz,I"]
[Black "Roselli Mailhe,B"]
[Result "1/2-1/2"]
[WhiteElo "2147"]
[BlackElo "2419"]

1.e4 e6 2.d4 d5 3.Nc3 Bb4 4.e5 b6 5.Nf3 Qd7 6.Bd2 Ne7 7.Bd3 Ba6 8.Bxa6 Nxa6
9.Qe2 Nb8 10.O-O-O Bxc3 11.Bxc3 c5 12.dxc5 bxc5 13.Ng5 Qc7 14.Qh5 Ng6 15.f4 Nxf4
16.Qg4 h6 17.Ne4 dxe4  1/2-1/2

[Event "FSIMA June"]
[Site "Budapest HUN"]
[Date "2007.06.07"]
[Round "6"]
[White "Salem,AliM"]
[Black "Johannesson,I"]
[Result "0-1"]
[WhiteElo "2214"]
[BlackElo "2299"]

1.e4 e6 2.Nc3 d5 3.d4 Bb4 4.e5 Ne7 5.a3 Bxc3+ 6.bxc3 c5 7.Ne2 Qc7 8.Ng3 cxd4
9.Bb5+ Bd7 10.Bxd7+ Nxd7 11.f4 dxc3 12.a4 Qc4 13.Qf3 Ng6 14.Ne2 O-O 15.Ra3 Rac8
16.O-O a6 17.a5 Qc5+ 18.Kh1 f6 19.Qh3 Rce8 20.Rxc3 Qxa5 21.Nd4 Qb6 22.Be3 fxe5
23.Nf3 d4 24.Bxd4 exd4 25.Rb3 Qc6 26.Ng5 h6 27.Qh5 Qxc2  0-1

[Event "7th ch-Euro Senior"]
[Site "Hockenheim GER"]
[Date "2007.06.08"]
[Round "7"]
[White "Fatalibekova,E"]
[Black "Jadrijevic,A"]
[Result "1-0"]
[WhiteElo "2273"]
[BlackElo "2213"]

1.e4 e6 2.d4 d5 3.Nc3 Bb4 4.e5 Qd7 5.Ne2 b6 6.Nf4 Ba6 7.Bxa6 Nxa6 8.O-O c5
9.Nce2 c4 10.c3 Bf8 11.b4 cxb3 12.axb3 Nb8 13.c4 Ne7 14.cxd5 exd5 15.Ba3 Nbc6
16.Ng3 Ng6 17.Bxf8 Nxf8 18.Nfh5 Rg8 19.f4 O-O-O 20.f5 h6 21.Qd3 Kb7 22.Rfc1 Nh7
23.e6 fxe6 24.fxe6 Qxe6 25.Qxh7 Qe3+ 26.Kh1 Nxd4 27.Nf1 Qf2 28.Rd1 Nxb3 29.Rab1 Nd4
30.Qd3 Ne2 31.Nfg3 Rge8 32.Rf1 Nxg3+ 33.Nxg3 Qe3 34.Qg6 Rd7 35.Nf5 Qe6 36.Qg3 Qe5  1-0

[Event "7th ch-Euro Senior"]
[Site "Hockenheim GER"]
[Date "2007.06.09"]
[Round "8"]
[White "Skara,M"]
[Black "Kalkmann,H"]
[Result "1-0"]
[WhiteElo "2092"]
[BlackElo "2004"]

1.e4 e6 2.d4 d5 3.Nc3 Bb4 4.e5 Qd7 5.Ne2 b6 6.Nf4 Ne7 7.Nh5 Bxc3+ 8.bxc3 Qc6
9.Qf3 Rg8 10.a4 Ba6 11.Bxa6 Nxa6 12.O-O Nb8 13.Ba3 Ng6 14.Qd3 Qc4 15.Qg3 c5
16.dxc5 Nd7 17.cxb6 axb6 18.Bd6 Rxa4 19.Rxa4 Qxa4 20.f4 f5 21.exf6 gxf6 22.f5 exf5
23.Re1+ Kf7 24.Qe3 Qe4 25.Qd2 Nge5 26.Rxe4 Nf3+ 27.Kf2 Nxd2 28.Re7+ Kg6 29.Nf4+ Kg5
30.Ne6+ Kh6 31.Bf4+  1-0

[Event "ch-COL"]
[Site "Cartagena de Indias COL"]
[Date "2007.06.18"]
[Round "9"]
[White "Echavarria,J"]
[Black "Martinez,Cr"]
[Result "1-0"]
[WhiteElo "2358"]
[BlackElo "2243"]

1.e4 e6 2.d4 d5 3.Nc3 Bb4 4.e5 Qd7 5.a3 Bxc3+ 6.bxc3 b6 7.Qg4 f5 8.Qg3 Ba6
9.Bxa6 Nxa6 10.Ne2 c5 11.Nf4 O-O-O 12.a4 c4 13.O-O g6 14.Ba3 Nh6 15.Qh4 Nf7
16.Qf6 Nc7 17.h4 Rhg8 18.a5 b5 19.a6 g5 20.hxg5 Nxg5 21.f3 Qf7 22.Qxf7 Nxf7
23.Bc5 Kb8 24.Ra5 Ka8 25.Rb1 h6 26.Kf2 Rd7 27.Rh1 Rg5 28.Rh3 Kb8 29.Bf8 Kc8
30.Bxh6 Rg8 31.Ne2 Nd8 32.Bc1 Nc6 33.Ra1 Nb8 34.Nf4 Rdg7 35.Rh2 Re8 36.Rh6 Rgg8
37.Ba3 Nbxa6 38.Bd6 Kb7 39.Rah1 Rg7 40.Rh7 Rxh7 41.Rxh7 Kc6 42.g4 fxg4 43.fxg4 Rg8
44.Kg3 Ne8 45.Rxa7 Nac7 46.Bc5 Ng7 47.Kh4 Rh8+ 48.Nh5 Nge8 49.Ra1 Rh7 50.Rf1 Na6
51.Ba3 b4 52.Bxb4 Nxb4 53.cxb4 Kb5 54.c3 Ka4 55.Rf8 Nc7 56.g5  1-0

[Event "XXV Balaton GM"]
[Site "Balatonlelle HUN"]
[Date "2007.06.20"]
[Round "5"]
[White "Sax,G"]
[Black "Spiess,Gu"]
[Result "1/2-1/2"]
[WhiteElo "2527"]
[BlackElo "2398"]

1.e4 e6 2.d4 d5 3.Nc3 Bb4 4.e5 b6 5.Qg4 Bf8 6.Bb5+ c6 7.Bd3 Ne7 8.h4 Ba6
9.h5 Bxd3 10.cxd3 Nf5 11.Nf3 c5 12.dxc5 bxc5 13.Bg5 Qd7 14.h6 Nc6 15.hxg7 Bxg7
16.Qf4  1/2-1/2

[Event "XXV Balaton GM"]
[Site "Balatonlelle HUN"]
[Date "2007.06.21"]
[Round "6"]
[White "Boros,De"]
[Black "Spiess,Gu"]
[Result "1-0"]
[WhiteElo "2501"]
[BlackElo "2398"]

1.e4 e6 2.Nc3 d5 3.d4 Bb4 4.e5 b6 5.a3 Bf8 6.Nf3 Ne7 7.h4 Qd7 8.h5 h6 9.Bd3 Ba6
10.Bxa6 Nxa6 11.Qd3 Nb8 12.Ne2 c5 13.c4 cxd4 14.Nexd4 dxc4 15.Qxc4 Nbc6 16.Nb5 Nd5
17.Bd2 Rc8 18.Rc1 a6 19.Nbd4 b5 20.Qc2 Nde7 21.Qe4 Nxd4 22.Rxc8+ Qxc8 23.Nxd4 Qc4
24.Qa8+ Qc8 25.Qa7 Qd7 26.Qb8+ Qc8 27.Nc6 Kd7 28.Qd6+ Ke8 29.Qb8 Kd7 30.Qa7+ Kxc6
31.O-O Kd5 32.Rd1 Qc2 33.Qd7+ Ke4 34.Re1+ Kf5 35.Qd4 Qxd2 36.Qxd2 g6 37.g4+ Kxg4
38.Re4+ Kxh5 39.Qd1+  1-0

[Event "Open"]
[Site "Pula CRO"]
[Date "2007.06.26"]
[Round "5"]
[White "Gullaksen,E"]
[Black "Medic,Mir"]
[Result "0-1"]
[WhiteElo "2412"]
[BlackElo "2265"]

1.e4 e6 2.d4 d5 3.Nc3 Bb4 4.e5 Ne7 5.a3 Bxc3+ 6.bxc3 c5 7.Qg4 Qc7 8.Bd3 c4
9.Be2 Nf5 10.Nf3 Nc6 11.Nh4 Nce7 12.a4 Qa5 13.Kd2 Nxh4 14.Qxh4 Nf5 15.Qf4 Bd7
16.g4 Nh4 17.Qg3 Ng6 18.h4 O-O-O 19.h5 Ne7 20.Qf4 Nc6 21.h6 g5 22.Qe3 f6
23.Bb2 fxe5 24.Kc1 Rhg8 25.Rh5 exd4 26.cxd4 Qe1+ 27.Bd1 Qxe3+ 28.fxe3 Rdf8
29.Kd2 Rf2+ 30.Kc3 Be8 31.Rh3 Bg6 32.Ba3 Be4 33.Rb1 Kc7 34.Bc5 b6 35.Ba3 Rg6
36.Ra1 Rgf6 37.Rh5 Bg6 38.Rxg5 Rh2 39.e4 dxe4 40.d5 exd5 41.Rxd5 e3 42.g5 Re6
43.Kxc4 e2 44.Bxe2 Rhxe2 45.Rad1 R6e4+ 46.Kb5 a6+ 47.Kxa6 Rxa4+ 48.Kb5 Ra5+
49.Kc4 Bf7  0-1

[Event "Narciso Yepes Mem"]
[Site "Lorca ESP"]
[Date "2007.06.27"]
[Round "6"]
[White "Cabrera,Al"]
[Black "Huerga Leache,M"]
[Result "1-0"]
[WhiteElo "2514"]
[BlackElo "2344"]

1.e4 e6 2.d4 d5 3.Nc3 Bb4 4.e5 Ne7 5.a3 Bxc3+ 6.bxc3 b6 7.Qg4 Ng6 8.h4 h5
9.Qd1 Qd7 10.Bg5 Qc6 11.Rh3 Ba6 12.Bxa6 Nxa6 13.g4 hxg4 14.Qxg4 Qa4 15.Qf3 Qxc2
16.h5 Ne7 17.h6 gxh6 18.Bxe7 Rg8 19.Rg3 Rxg3 20.fxg3 Kxe7 21.Qf6+ Ke8 22.Ne2 Qb2
23.Qh8+ Kd7 24.Qxa8 Qxa1+ 25.Kf2 Qxa3 26.Qxa7 Qa5 27.Qa8 Qa3 28.Kf3 Ke7 29.Kg4 Qa1
30.Nf4 Qf1 31.Qh8 h5+ 32.Kg5 Qf3 33.Nxh5 Kd7 34.Qa8 Qe3+ 35.Kh4 Qe4+ 36.g4 Qe1+
37.Kg5 Qe3+ 38.Kf6 Qf3+ 39.Kg7 Nb8 40.Qxb8 Qxg4+ 41.Kf8 Kc6 42.Nf6  1-0

[Event "White Nights"]
[Site "St Petersburg RUS"]
[Date "2007.06.28"]
[Round "4"]
[White "Shchukin,D"]
[Black "Yankovsky,R"]
[Result "1-0"]
[WhiteElo "2355"]
[BlackElo "2233"]

1.e4 e6 2.d4 d5 3.Nc3 Bb4 4.e5 Ne7 5.a3 Bxc3+ 6.bxc3 b6 7.Qg4 Ng6 8.h4 h5
9.Qf3 Ba6 10.Bxa6 Nxa6 11.Bg5 Qd7 12.a4 Nb8 13.Ne2 Ne7 14.Nf4 g6 15.c4 c6
16.cxd5 cxd5 17.c4 Nbc6 18.cxd5 Nxd5 19.Nxd5 Qxd5 20.Qf6 Qe4+ 21.Kf1 Rh7
22.Rh3 Qf5 23.Rc3 Qxf6 24.Bxf6 Nb4 25.Rc7 a5 26.Re7+ Kf8 27.Rc1 Nd5 28.Ra7 Rb8
29.Rc6 Ke8 30.g3 Rh6 31.f4 Rh7 32.Kf2 Rh6 33.Kf3 Rh7 34.Ke2 Rh6 35.Kd2 Rh7
36.Rd6 Rc8 37.Rxd5 exd5 38.e6 Kf8 39.Rb7 Ke8 40.e7 Ra8 41.Rc7 Rb8 42.Ke3 Ra8
43.Rb7 Rc8 44.Kf3 Ra8 45.Rc7 Rb8 46.Ke3 Ra8 47.Kd2 Rb8 48.Kc3 Ra8 49.Kb2 Rb8
50.Kb3 Ra8 51.Rb7 Rc8 52.Ka3 Ra8 53.Rxb6 Kd7 54.Rb5 Ke6 55.Rxa5 Kxf6 56.Rxa8 Kxe7
57.a5 Ke6 58.Re8+ Kf5 59.a6 f6 60.Kb4 Rg7 61.Kc5 Kg4 62.Re3  1-0

[Event "Asian Youth BU18"]
[Site "Tashkent UZB"]
[Date "2007.07.01"]
[Round "4"]
[White "Kvon,A"]
[Black "Toufighi,H"]
[Result "1-0"]
[WhiteElo "2360"]
[BlackElo "2365"]

1.e4 e6 2.d4 d5 3.Nc3 Bb4 4.e5 Ne7 5.g3 Bxc3+ 6.bxc3 c5 7.Nf3 b6 8.a4 Qc7
9.Bb5+ Bd7 10.O-O Bxb5 11.axb5 Nd7 12.Ra4 O-O 13.Bg5 Ng6 14.Qe2 h6 15.Be3 f5
16.Rfa1 Rf7 17.c4 cxd4 18.Bxd4 Nc5 19.Bxc5 Qxc5 20.cxd5 Qxd5 21.Rd1 Qc5 22.Rc4 Qa3
23.Qd3 Qa2 24.Qc3 Qa5 25.Qxa5 bxa5 26.Rc6 Nf8 27.Kf1 Rb7 28.c4 Rb6 29.Nd4 Rd8
30.Ke1 a4 31.Rc7 Rd7 32.Rxd7 Nxd7 33.Nc6 Nc5 34.Nxa7 Rb8 35.Nc6 Ra8 36.Nb4 a3
37.Na2 Ra4 38.Rd4 Nb3 39.Rd8+ Kh7 40.Rc8 Na5 41.b6 Nb7 42.Rc7 Nd8 43.Kd2  1-0

[Event "ch-IRL"]
[Site "Dublin IRL"]
[Date "2007.07.03"]
[Round "4"]
[White "Jessel,S"]
[Black "Kelly,B"]
[Result "0-1"]
[WhiteElo "2356"]
[BlackElo "2480"]

1.e4 e6 2.d4 d5 3.Nc3 Bb4 4.e5 Ne7 5.a3 Bxc3+ 6.bxc3 b6 7.Qg4 Ng6 8.h4 h5
9.Qg3 Ba6 10.Bxa6 Nxa6 11.Bg5 Qd7 12.a4 Nb8 13.Ne2 Nc6 14.O-O Nce7 15.Qd3 Rc8
16.a5 Nc6 17.axb6 cxb6 18.Ra2 Rc7 19.Rfa1 Na5 20.Nc1 Ne7 21.Bxe7 Qxe7 22.g3 O-O
23.Nb3 Nc4 24.Nd2 a5 25.Rb1 Nxd2 26.Qxd2 Rc6 27.Rb3 Rfc8 28.Raa3 Rc4 29.Qc1 R8c6
30.Qa1 g6 31.Ra4 Qc7 32.Rxc4 Rxc4 33.Qb2 Rc6 34.Qa1 Kg7 35.Kg2 Qc8 36.Kg1 Qa6
37.Qf1 Qxf1+ 38.Kxf1 f6 39.exf6+ Kxf6 40.Ke2 g5 41.hxg5+ Kxg5 42.Kf3 a4 43.Ra3 b5
44.Kg2 Ra6 45.Kf3 Ra8 46.Ra2 a3 47.Kg2 Kg4 48.f3+ Kg5 49.Kh3 Ra7 50.Kg2 h4
51.Kh3 hxg3 52.Kxg3 Kf5 53.Kf2 Kf4 54.Ke2 Ra8 55.Kf2 Rh8 56.Ke2 Rh2+ 57.Kd3 Rf2
58.Rxa3 Rxf3+ 59.Kd2 b4  0-1

[Event "ch-BEL Expert"]
[Site "Namur BEL"]
[Date "2007.07.06"]
[Round "7"]
[White "Akhayan,R"]
[Black "Wiley,To"]
[Result "1/2-1/2"]
[WhiteElo "2247"]
[BlackElo "2343"]

1.e4 e6 2.d4 d5 3.Nc3 Bb4 4.e5 b6 5.Qg4 Bf8 6.Nf3 Qd7 7.Bb5 c6 8.Be2 Ba6
9.O-O Ne7 10.Nh4 Ng6 11.Bg5 c5 12.dxc5 Bxc5 13.Bxa6 Nxa6 14.Nxg6 hxg6 15.Rad1 Nb4
16.a3 Nc6 17.Rfe1 Be7 18.Bxe7 Qxe7 19.Nb5 Rh4 20.Qf3 Kf8 21.Qg3 g5 22.Rd3 a6
23.Rc3 Rc8 24.Nd6 Rc7 25.Rf3 Qd8 26.Rd3 Rd7 27.Rc3 Rc7 28.Rd3 Rd7 29.Rc3 Rc7
30.Rd3  1/2-1/2

[Event "ch-BEL Expert"]
[Site "Namur BEL"]
[Date "2007.07.07"]
[Round "8"]
[White "Schuermans,R"]
[Black "Saiboulatov,D"]
[Result "1/2-1/2"]
[WhiteElo "2277"]
[BlackElo "2415"]

1.e4 e6 2.d4 d5 3.Nc3 Bb4 4.e5 b6 5.a3 Bf8 6.Nf3 Qd7 7.Bd3 a5 8.Ng5 g6 9.h4 h6
10.Nh3 Ba6 11.h5 Bxd3 12.Qxd3 g5 13.f4 c5 14.fxg5 cxd4 15.Nb5 Nc6 16.Nxd4 Nxd4
17.Qxd4 Rc8 18.Qd3 Rc4 19.Be3 Ne7 20.O-O-O Qc7 21.Qb3 Nc6 22.Kb1 Be7 23.gxh6 Qxe5
24.Rhe1 a4 25.Qd3 Qxh5 26.Qd2 d4 27.Bg5 Rc5 28.Bxe7 Kxe7 29.Qf4 e5 30.Rd3 Qxh6
31.Ng5 Qg6 32.Nf3 Rh1 33.Qd2 Rxe1+ 34.Qxe1 Kd6 35.Nd2 f5 36.Rg3 Qf7 37.Qh1 Nd8
38.Qh8 Ne6 39.Rh3 Qg7 40.Qb8+ Qc7 41.Qe8 Qc6 42.Qb8+ Qc7 43.Qe8 Qc6 44.Qb8+ Qc7
45.Qe8  1/2-1/2